<?xml version="1.0" encoding="UTF-8"?><?xml-stylesheet type="text/xsl" href="static/style.xsl"?><OAI-PMH xmlns="http://www.openarchives.org/OAI/2.0/" xmlns:xsi="http://www.w3.org/2001/XMLSchema-instance" xsi:schemaLocation="http://www.openarchives.org/OAI/2.0/ http://www.openarchives.org/OAI/2.0/OAI-PMH.xsd"><responseDate>2026-06-07T16:53:41Z</responseDate><request verb="GetRecord" identifier="oai:docta.ucm.es:20.500.14352/129468" metadataPrefix="marc">https://docta.ucm.es/rest/oai/request</request><GetRecord><record><header><identifier>oai:docta.ucm.es:20.500.14352/129468</identifier><datestamp>2025-12-20T00:55:40Z</datestamp><setSpec>com_20.500.14352_14</setSpec><setSpec>col_20.500.14352_15</setSpec></header><metadata><record xmlns="http://www.loc.gov/MARC21/slim" xmlns:dcterms="http://purl.org/dc/terms/" xmlns:xsi="http://www.w3.org/2001/XMLSchema-instance" xmlns:doc="http://www.lyncode.com/xoai" xsi:schemaLocation="http://www.loc.gov/MARC21/slim http://www.loc.gov/standards/marcxml/schema/MARC21slim.xsd">
   <leader>00925njm 22002777a 4500</leader>
   <datafield ind2=" " ind1=" " tag="042">
      <subfield code="a">dc</subfield>
   </datafield>
   <datafield ind2=" " ind1=" " tag="720">
      <subfield code="a">Vaquero Martínez, Sergio</subfield>
      <subfield code="e">author</subfield>
   </datafield>
   <datafield ind2=" " ind1=" " tag="260">
      <subfield code="c">2017-10-01</subfield>
   </datafield>
   <datafield ind2=" " ind1=" " tag="520">
      <subfield code="a">Reseña del libro: Rey Reguillo, Fernando del, y Manuel Álvarez Tardío, editores. Políticas del odio: violencia y crisis en las democracias en el mundo de entreguerras. Tecnos, 2017. Biblioteca de historia y pensamiento político. 978-84-309-7115-2 &lt;https://dialnet.unirioja.es/servlet/libro?codigo=684911></subfield>
   </datafield>
   <datafield ind1="8" ind2=" " tag="024">
      <subfield code="a">Vaquero Martínez, S. (2017). DEL REY, Fernando; ÁLVAREZ TARDÍO, Manuel (dirs.), Políticas del odio. Violencia y crisis en las democracias de entreguerras, Madrid, Tecnos, 2017, 512 pp. Pasado Y Memoria, (16), 263–267. https://doi.org/10.14198/PASADO2017.16.20</subfield>
   </datafield>
   <datafield ind1="8" ind2=" " tag="024">
      <subfield code="a">10.14198/PASADO2017.16.20</subfield>
   </datafield>
   <datafield ind1="8" ind2=" " tag="024">
      <subfield code="a">https://hdl.handle.net/20.500.14352/129468</subfield>
   </datafield>
   <datafield ind1="8" ind2=" " tag="024">
      <subfield code="a">https://doi.org/10.14198/PASADO2017.16.20</subfield>
   </datafield>
   <datafield ind1="8" ind2=" " tag="024">
      <subfield code="a">https://pasadoymemoria.ua.es/article/view/2017-n16-resena-politicas-del-odio-violencia-y-crisis-en-las-dem</subfield>
   </datafield>
   <datafield ind1="8" ind2=" " tag="024">
      <subfield code="a">https://dialnet.unirioja.es/servlet/articulo?codigo=6130434</subfield>
   </datafield>
   <datafield ind2="0" ind1="0" tag="245">
      <subfield code="a">DEL REY, Fernando; ÁLVAREZ TARDÍO, Manuel (dirs.), Políticas del odio. Violencia y crisis en las democracias de entreguerras, Madrid, Tecnos, 2017, 512 pp.</subfield>
   </datafield>
</record></metadata></record></GetRecord></OAI-PMH>